Consumer behavior : buying, having, and being
Saved in:
| Main Author: | |
|---|---|
| Format: | Book |
| Language: | English |
| Published: |
Boston :
Allyn and Bacon,
1991
|
| Subjects: | |
| Tags: |
Add Tag
No Tags, Be the first to tag this record!
|
MARC
| LEADER | 00000cam a2200000 i 4500 | ||
|---|---|---|---|
| 001 | 1/29196 | ||
| 008 | 960213s1991 eng d | ||
| 020 | |a 0205131638 | ||
| 035 | |l 10023175 | ||
| 040 | |a GR-MY-UA |b gre |e aacr | ||
| 041 | 0 | |a eng | |
| 082 | 0 | |a 658.8342 | |
| 100 | 1 | |a Solomon, Michael R. | |
| 245 | 1 | 0 | |a Consumer behavior : |b buying, having, and being / |c Michael R. Solomon |
| 260 | |a Boston : |b Allyn and Bacon, |c 1991 | ||
| 300 | |a p. cm | ||
| 500 | |a Includes index | ||
| 650 | 0 | 0 | |a Consumer behavior. |
| 852 | |a INST |b CHIOS |e 19960213 |h 658.8342 SOL |p 005200004204 |q 005200004204 |t BK |y 0 | ||
| 909 | |a Χ |b 032184 | ||